San Juan National Forest, Colorado. (Record no. 10211)

MARC details
000 -LEADER
fixed length control field 00657cam a22002171 4500
001 - CONTROL NUMBER
control field agr42000419
003 - CONTROL NUMBER IDENTIFIER
control field DLC
005 - DATE AND TIME OF LATEST TRANSACTION
control field 20260227111001.0
008 - FIXED-LENGTH DATA ELEMENTS--GENERAL INFORMATION
fixed length control field 810326s1942 dcuab f000 0 eng c
010 ## - LIBRARY OF CONGRESS CONTROL NUMBER
LC control number agr42000419
035 ## - SYSTEM CONTROL NUMBER
System control number (OCoLC)7266682
040 ## - CATALOGING SOURCE
Original cataloging agency U.S. Dept. of Agr. Library
Transcribing agency WaU
Modifying agency WaU
-- DLC
042 ## - AUTHENTICATION CODE
Authentication code premarc
043 ## - GEOGRAPHIC AREA CODE
Geographic area code n-us-co
050 00 - LIBRARY OF CONGRESS CALL NUMBER
Classification number SD428.S24
Item number A5 1942
110 1# - MAIN ENTRY--CORPORATE NAME
Corporate name or jurisdiction name as entry element United States.
Subordinate unit Forest Service.
-- Rocky Mountain Region.
245 10 - TITLE STATEMENT
Title San Juan National Forest, Colorado.
260 ## - PUBLICATION, DISTRIBUTION, ETC.
Place of publication, distribution, etc. Washington,
Name of publisher, distributor, etc. U.S. Govt. Print. Off.,
Date of publication, distribution, etc. 1942.
300 ## - PHYSICAL DESCRIPTION
Extent 22 p.
Other physical details illus., maps.
Dimensions 23 cm.
651 #0 - SUBJECT ADDED ENTRY--GEOGRAPHIC NAME
Geographic name San Juan National Forest (Colo.)

No items available.

Powered by Koha